Liberalism, Fascism, or Social Democracy : (Record no. 14311)
[ view plain ]
| 000 -LEADER | |
|---|---|
| fixed length control field | 01624cam a2200373 a 4500 |
| 001 - CONTROL NUMBER | |
| control field | 1526352 |
| 005 - DATE AND TIME OF LATEST TRANSACTION | |
| control field | 20060718210628.0 |
| 008 - FIXED-LENGTH DATA ELEMENTS--GENERAL INFORMATION | |
| fixed length control field | 900508s1991 nyu | b 001 0 eng d |
| 010 ## - LIBRARY OF CONGRESS CONTROL NUMBER | |
| LC control number | 90038754 |
| 020 ## - INTERNATIONAL STANDARD BOOK NUMBER | |
| International Standard Book Number | 0195066103 |
| 020 ## - INTERNATIONAL STANDARD BOOK NUMBER | |
| International Standard Book Number | 0195066111 (pbk.) |
| 040 ## - CATALOGING SOURCE | |
| Original cataloging agency | DLC |
| Transcribing agency | DLC |
| Modifying agency | DLC |
| 043 ## - GEOGRAPHIC AREA CODE | |
| Geographic area code | ew----- |
| 050 00 - LIBRARY OF CONGRESS CALL NUMBER | |
| Classification number | JN94.A2 |
| Item number | L84 1991 |
| 082 00 - DEWEY DECIMAL CLASSIFICATION NUMBER | |
| Classification number | 306.2094 |
| Edition number | 20 |
| Item number | LUE |
| 100 1# - MAIN ENTRY--PERSONAL NAME | |
| Personal name | Luebbert, Gregory M. |
| 9 (RLIN) | 15572 |
| 245 10 - TITLE STATEMENT | |
| Title | Liberalism, Fascism, or Social Democracy : |
| Remainder of title | Social Classes and the Political Origins of Regimes in Interwar Europe / |
| Statement of responsibility, etc | Gregory M. Luebbert. |
| 260 ## - PUBLICATION, DISTRIBUTION, ETC. (IMPRINT) | |
| Place of publication, distribution, etc | New York : |
| Name of publisher, distributor, etc | Oxford University Press, |
| Date of publication, distribution, etc | 1991. |
| 300 ## - PHYSICAL DESCRIPTION | |
| Extent | xi, 416 p. ; |
| Dimensions | 25 cm. |
| 504 ## - BIBLIOGRAPHY, ETC. NOTE | |
| Bibliography, etc | Includes bibliographical references (p. 377-402) and index. |
| 541 ## - IMMEDIATE SOURCE OF ACQUISITION NOTE | |
| Source of acquisition | Bacca ; |
| 650 #0 - SUBJECT ADDED ENTRY--TOPICAL TERM | |
| Topical term or geographic name as entry element | Labor movement |
| Geographic subdivision | Europe |
| General subdivision | History. |
| 9 (RLIN) | 15573 |
| 650 #0 - SUBJECT ADDED ENTRY--TOPICAL TERM | |
| Topical term or geographic name as entry element | Social structure |
| Geographic subdivision | Europe |
| General subdivision | History. |
| 9 (RLIN) | 15574 |
| 650 #0 - SUBJECT ADDED ENTRY--TOPICAL TERM | |
| Topical term or geographic name as entry element | Liberalism |
| Geographic subdivision | Europe |
| General subdivision | History. |
| 9 (RLIN) | 15575 |
| 650 #0 - SUBJECT ADDED ENTRY--TOPICAL TERM | |
| Topical term or geographic name as entry element | Socialism |
| Geographic subdivision | Europe |
| General subdivision | History. |
| 9 (RLIN) | 15576 |
| 650 #0 - SUBJECT ADDED ENTRY--TOPICAL TERM | |
| Topical term or geographic name as entry element | Democracy |
| General subdivision | History. |
| 9 (RLIN) | 15577 |
| 650 #0 - SUBJECT ADDED ENTRY--TOPICAL TERM | |
| Topical term or geographic name as entry element | Fascism |
| Geographic subdivision | Europe |
| General subdivision | History. |
| 9 (RLIN) | 15578 |
| 651 #0 - SUBJECT ADDED ENTRY--GEOGRAPHIC NAME | |
| Geographic name | Europe |
| General subdivision | Politics and government |
| Chronological subdivision | 1871-1918. |
| 9 (RLIN) | 15579 |
| 651 #0 - SUBJECT ADDED ENTRY--GEOGRAPHIC NAME | |
| Geographic name | Europe |
| General subdivision | Politics and government |
| Chronological subdivision | 20th century. |
| 9 (RLIN) | 15580 |
| 856 42 - ELECTRONIC LOCATION AND ACCESS | |
| Materials specified | Publisher description |
| Uniform Resource Identifier | <a href="http://www.loc.gov/catdir/enhancements/fy0603/90038754-d.html">http://www.loc.gov/catdir/enhancements/fy0603/90038754-d.html</a> |
| 942 ## - ADDED ENTRY ELEMENTS (KOHA) | |
| Source of classification or shelving scheme | Dewey Decimal Classification |
| Item type | Book - Borrowing |
| Withdrawn status | Item status | Source of classification or shelving scheme | Damaged status | Not for loan | Vendor | Home library | Current library | Shelving location | Date acquired | Source of acquisition | Cost, normal purchase price | Serial Enumeration / chronology | Total Checkouts | Total Renewals | Full call number | Barcode | Date last seen | Date last borrowed | Koha item type |
|---|---|---|---|---|---|---|---|---|---|---|---|---|---|---|---|---|---|---|---|
| Dewey Decimal Classification | Baccah | Central Library | Central Library | First floor | 01/07/2010 | 350.00 | 10484 | 6 | 26 | 306.2094 LUE | 000021122 | 15/07/2025 | 29/10/2024 | Book - Borrowing |